Essentials of human anatomy & physiology / (Record no. 288643)
[ view plain ]
| 000 -LEADER | |
|---|---|
| fixed length control field | 01031cam a2200301 i 4500 |
| 001 - CONTROL NUMBER | |
| control field | 17912049 |
| 003 - CONTROL NUMBER IDENTIFIER | |
| control field | PILC |
| 005 - DATE AND TIME OF LATEST TRANSACTION | |
| control field | 20150908084928.0 |
| 008 - FIXED-LENGTH DATA ELEMENTS--GENERAL INFORMATION | |
| fixed length control field | 131021s2015 maua 001 0 eng |
| 010 ## - LIBRARY OF CONGRESS CONTROL NUMBER | |
| LC control number | 2013040834 |
| 020 ## - INTERNATIONAL STANDARD BOOK NUMBER | |
| International Standard Book Number | 9780321919007 |
| 040 ## - CATALOGING SOURCE | |
| Original cataloging agency | DLC |
| Language of cataloging | eng |
| Transcribing agency | DLC |
| Description conventions | rda |
| Modifying agency | DLC |
| 042 ## - AUTHENTICATION CODE | |
| Authentication code | pcc |
| 050 00 - LIBRARY OF CONGRESS CALL NUMBER | |
| Classification number | QP 34.5 |
| Item number | .M455 2013 |
| 082 00 - DEWEY DECIMAL CLASSIFICATION NUMBER | |
| Classification number | 612 |
| 100 1# - MAIN ENTRY--PERSONAL NAME | |
| Personal name | Marieb, Elaine Nicpon, |
| Dates associated with a name | 1936- |
| 245 10 - TITLE STATEMENT | |
| Title | Essentials of human anatomy & physiology / |
| Statement of responsibility, etc | Elaine N. Marieb, R.N., Ph.D., Holyoke Community College. |
| 246 3# - VARYING FORM OF TITLE | |
| Title proper/short title | Essentials of human anatomy and physiology |
| 250 ## - EDITION STATEMENT | |
| Edition statement | 11th edition. |
| 260 ## - PUBLICATION, DISTRIBUTION, ETC. (IMPRINT) | |
| Place of publication, distribution, etc | Boston : |
| Name of publisher, distributor, etc | Pearson, |
| Date of publication, distribution, etc | 2013. |
| 300 ## - PHYSICAL DESCRIPTION | |
| Extent | xxiv, 632 pages : |
| Other physical details | color illustrations ; |
| Dimensions | 29 cm |
| 500 ## - GENERAL NOTE | |
| General note | Includes appendix, glossary and index. |
| 650 #0 - SUBJECT ADDED ENTRY--TOPICAL TERM | |
| Topical term or geographic name as entry element | Human physiology. |
| 650 #0 - SUBJECT ADDED ENTRY--TOPICAL TERM | |
| Topical term or geographic name as entry element | Human anatomy. |
| 906 ## - LOCAL DATA ELEMENT F, LDF (RLIN) | |
| a | 7 |
| b | cbc |
| c | orignew |
| d | 1 |
| e | ecip |
| f | 20 |
| g | y-gencatlg |
| 942 ## - ADDED ENTRY ELEMENTS (KOHA) | |
| Source of classification or shelving scheme | Library of Congress Classification |
| Koha item type | Books |
| Withdrawn status | Lost status | Source of classification or shelving scheme | Damaged status | Home library | Current library | Shelving location | Date acquired | Source of acquisition | Total Checkouts | Total Renewals | Full call number | Barcode | Date last seen | Date checked out | Price effective from | Koha item type |
|---|---|---|---|---|---|---|---|---|---|---|---|---|---|---|---|---|
| Library of Congress Classification | College Library | College Library | Reserve Section | 09/08/2015 | Donation | 3 | 18 | QP 34.5 .M455 2013 | C19969 | 12/14/2024 | 12/14/2024 | 09/08/2015 | Books |